| 000 | 00664cam a2200193 4500 | ||
|---|---|---|---|
| 001 | J100527 | ||
| 008 | 000000n1998 000 0 eng u | ||
| 035 | _a(Sirsi) u100195 | ||
| 041 | _aENG | ||
| 110 |
_aJoint Contracts Tribunal _93664 |
||
| 245 | _aSub-contract conditions 1998 edition. Sub-contract conditions for sub-contractors named under the intermediate form of building contract. NAM/SC. | ||
| 260 |
_aLondon _bRIBA Publications _c1998 |
||
| 300 | _a54p. ; 30cm. | ||
| 350 | _a15.00 | ||
| 490 | _aJCT Named Sub-Contract Documentation 1998 Edition | ||
| 650 | _aJCT STANDARD FORM OF BUILDING CONTRACT 1998 | ||
| 690 |
_aContracts _96232 |
||
| 942 | _n0 | ||
| 999 |
_c99639 _d99639 |
||